Statistics for New York Groups of Things

Click here to take the quiz!

General Stats

  • This quiz has been taken 53,366 times
    (26,040 since last reset)
  • The average score is 31 of 56

Answer Stats

CategoryAnswer% Correct
Most populous citiesNew York City
96%
Boroughs of NYCManhattan
93%
Boroughs of NYCBrooklyn
89%
Boroughs of NYCBronx
86%
Bordering statesNew Jersey
86%
Boroughs of NYCQueens
86%
Highest circulation newpapersNew York Times
85%
Bordering statesPennsylvania
81%
Professional sports teamsNew York Yankees
77%
Boroughs of NYCStaten Island
77%
Bordering statesConnecticut
76%
Bordering statesVermont
75%
Most populous citiesAlbany
74%
Most populous citiesBuffalo
73%
"Friends" charactersJoey
73%
Bordering statesMassachusetts
73%
"Friends" charactersRachel
72%
"Friends" charactersRoss
72%
"Friends" charactersChandler
71%
"Friends" charactersPhoebe
71%
"Friends" charactersMonica
70%
Professional sports teamsNew York Giants
68%
Professional sports teamsNew York Jets
68%
Professional sports teamsNew York Knicks
67%
Tallest buildingsOne World Trade Center
67%
"Seinfeld" charactersJerry
66%
Professional sports teamsNew York Mets
66%
Top-ranked universitiesNYU
64%
Professional sports teamsBrooklyn Nets
58%
Top-ranked universitiesColumbia
56%
Last 4 NYC mayorsRudy Giuliani
55%
Professional sports teamsNew York Rangers
54%
"Seinfeld" charactersKramer
51%
"Seinfeld" charactersGeorge
48%
Last 4 NYC mayorsMichael Bloomberg
48%
"Seinfeld" charactersElaine
47%
Professional sports teamsNew York Islanders
47%
Most populous citiesSyracuse
47%
Biggest banksJP Morgan Chase
46%
Most populous citiesRochester
46%
Last 4 governorsAndrew Cuomo
44%
Highest circulation newpapersNew York Post
44%
Professional sports teamsBuffalo Bills
43%
Last 4 NYC mayorsBill de Blasio
35%
Professional sports teamsBuffalo Sabres
31%
Top-ranked universitiesCornell
31%
Most populous citiesYonkers
29%
Biggest investment banksGoldman Sachs
28%
Highest circulation newpapersWall Street Journal
28%
Biggest banksCitigroup
21%
Last 4 NYC mayorsEric Adams
16%
Last 4 governorsKathy Hochul
12%
Biggest investment banksMorgan Stanley
12%
Last 4 governorsEliot Spitzer
9%
Last 4 governorsDavid Paterson
8%
Tallest buildingsCentral Park Tower
7%

Score Distribution

Percentile by Number Answered

Percent of People with Each Score

Your Score History

You have not taken this quiz since the last reset